Xin yi chao. (Record no. 1454)

MARC details
000 -LEADER
fixed length control field 00970cas a2200313 4500
001 - CONTROL NUMBER
control field data
005 - DATE AND TIME OF LATEST TRANSACTION
control field 20260322212101.0
008 - FIXED-LENGTH DATA ELEMENTS--GENERAL INFORMATION
fixed length control field data
010 ## - LIBRARY OF CONGRESS CONTROL NUMBER
LC control number 80647171
029 1# - OTHER SYSTEM CONTROL NUMBER (OCLC)
OCLC library identifier AU@
System control number 000015609164
035 ## - SYSTEM CONTROL NUMBER
System control number (OCoLC)7434548
040 ## - CATALOGING SOURCE
Original cataloging agency DLC
Language of cataloging eng
Transcribing agency DLC
Modifying agency OCLCL
-- OCLCQ
-- OCLCF
-- OCLCQ
-- OCLCL
042 ## - AUTHENTICATION CODE
Authentication code pcc
050 00 - LIBRARY OF CONGRESS CALL NUMBER
Classification number R111
Item number .H74
245 00 - TITLE STATEMENT
Title Xin yi chao.
260 ## - PUBLICATION, DISTRIBUTION, ETC.
Place of publication, distribution, etc. [Taizhong, Taiwan],
Name of publisher, distributor, etc. [Zhongguo yi yao xue yuan]
300 ## - PHYSICAL DESCRIPTION
Extent no.
Other physical details illustrations
Dimensions 26 cm
336 ## - CONTENT TYPE
Content type term text
Content type code txt
Source rdacontent
337 ## - MEDIA TYPE
Media type term unmediated
Media type code n
Source rdamedia
650 #0 - SUBJECT ADDED ENTRY--TOPICAL TERM
Topical term or geographic name entry element Medicine, Chinese.
650 #0 - SUBJECT ADDED ENTRY--TOPICAL TERM
Topical term or geographic name entry element Medicine.
650 #7 - SUBJECT ADDED ENTRY--TOPICAL TERM
Topical term or geographic name entry element Medicine.
Source of heading or term fast
Authority record control number or standard number (OCoLC)fst01014893
650 #7 - SUBJECT ADDED ENTRY--TOPICAL TERM
Topical term or geographic name entry element Medicine, Chinese.
Source of heading or term fast
Authority record control number or standard number (OCoLC)fst01015214
710 2# - ADDED ENTRY--CORPORATE NAME
Corporate name or jurisdiction name as entry element Zhongguo yi yao xue yuan.
Real World Object URI https://id.oclc.org/worldcat/entity/E39QH7JmqpXTV98gW8gbrtQfkt
906 ## - LOCAL DATA ELEMENT F, LDF (RLIN)
a 7
b cbc
c serials
d 4
e ncip
f 19
g n-oclcserc
991 ## -
-- c-Asian
-- R111
-- .H74
-- SERIALS
Holdings
Withdrawn status Lost status Damaged status Not for loan Home library Current library Shelving location Date acquired Total checkouts Full call number Barcode Date last seen Price effective from Koha item type
        Riverside Riverside General stacks 22/03/2026   R111 LOC-RPL-00001 22/03/2026 22/03/2026 Books